Lecture Notes in Electrical Engineering : proceedings of the International joint conferences on computer, information, and systems Sciences, and engineering (CISSE 2010), December 03-06, 2010, Bridgeport, USA

Salvato in:
Dettagli Bibliografici
Altri autori: Sobh, Tarek (Redattore), Elleithy, Khaled (Redattore)
Natura: Periodico
Lingua:inglese
Pubblicazione: New York : Springer Science-Business Media, 2013
Tags: Aggiungi Tag
Nessun Tag, puoi essere il primo ad aggiungerne!!

MARC

LEADER 00000nas a22000003a 4500
001 stu257502
005 20190206105217.1
008 121120s--------xxu-----------------eng-d
020 |a 978-1-4614-3558-7 
040 |a STU  |b slo 
041 0 |a eng 
044 |a xxu 
100 1 |a Sobh, Tarek  |4 edt 
245 1 |a Lecture Notes in Electrical Engineering :  |b proceedings of the International joint conferences on computer, information, and systems Sciences, and engineering (CISSE 2010), December 03-06, 2010, Bridgeport, USA 
260 |a New York :  |b Springer Science-Business Media,  |c 2013 
300 |a 1169 s 
500 |a recenzované 
700 1 |a Elleithy, Khaled  |4 edt 
773 0 |t Lecture Notes in Electrical Engineering  |w stu_us_cat*stu213646  |x 1876-1100  |7 nnas 
996 |c I*Z6960  |d Vol. 151 Emerging Trends in Computing, Informatics, Systems Sciences, and Engineering, 2013  |v Vol. 151 Emerging Trends in Computing  |i Informatics, Systems Sciences, and Engineering  |y 2013  |l I  |s A  |a 24  |w stu257502_0001 
996 |c I*Z6966  |d Vol. 151 Emerging Trends in Computing, Informatics, Systems Sciences, and Engineering, 2013  |v Vol. 151 Emerging Trends in Computing  |i Informatics, Systems Sciences, and Engineering  |y 2013  |l I  |s A  |a 24  |w stu257502_0002 
996 |b 8317  |c I* 8317  |d Vol. 151 Emerging Trends in Computing, Informatics, Systems Sciences, and Engineering, 2013  |v Vol. 151 Emerging Trends in Computing  |i Informatics, Systems Sciences, and Engineering  |y 2013  |l II680  |s P  |a 0  |w stu257502_0003